LEADER 01527nam0 22003493i 450 001 MIL0444772 005 20251003044233.0 010 $a0471970697 010 $a9780471970699$bISBN-13 100 $a20090727d2000 ||||0itac50 ba 101 | $aeng 102 $agb 181 1$6z01$ai $bxxxe 182 1$6z01$an 183 1$6z01$anc$2RDAcarrier 200 1 $aAdvanced modal analysis$eCAD techniques for waveguide components and filters$fGiuseppe Conciauro, Marco Guglielmi, Roberto Sorrentino 210 $aChichester [etc.]$cJ. Wiley$d[2000] 215 $aXII, 341 p.$d26 cm$e1 floppy disk 300 $aAllegato sostituito in una parte degli esemplari dal rinvio, posto all'inizio dell'indice, all'indirizzo http://microwave.unipv.it/software/index.html#book. 676 $a621.381$9Ingegneria elettronica$v14 676 $a621.381331$9Elettronica delle microonde. Guide d'onda$v22 700 1$aConciauro$b, Giuseppe$3MILV104088$4070$09840 701 1$aSorrentino$b, Roberto$3MILV038566$4070$0471518 701 1$aGuglielmi$b, Marco$3UFIV082629$4070$0719294 801 3$aIT$bIT-000000$c20090727 850 $aIT-BN0095 901 $bNAP 01$cSALA DING $n$ 912 $aMIL0444772 950 0$aBiblioteca Centralizzata di Ateneo$b1 v. + 1 floppy disk$c1 v. + 1 floppy disk$d 01SALA DING 621.381 ADVMA$e 0102 0000051545 VMA A4 1 v. + 1 floppy disk$fY $h20040114$i20040114 977 $a 01 996 $aAdvanced modal analysis$91396342 997 $aUNISANNIO